Powers of the Valuation Tribunal for England (Record no. 84660)

MARC details
000 -LEADER
fixed length control field 01056cab a22002295a 4500
001 - CONTROL NUMBER
control field L158693
008 - FIXED-LENGTH DATA ELEMENTS--GENERAL INFORMATION
fixed length control field 150619e2015 xxk 000 0 eng d
035 ## - SYSTEM CONTROL NUMBER
System control number (Sirsi) u158693
041 0# - LANGUAGE CODE
Language code of text/sound track or separate title eng
245 00 - TITLE STATEMENT
Title Powers of the Valuation Tribunal for England
260 ## - PUBLICATION, DISTRIBUTION, ETC.
Date of publication, distribution, etc. 2015
490 ## - SERIES STATEMENT
Series statement Rating and Valuation Reporter
Volume/sequential designation 55(6) June 2015, 181-183(3)
520 ## - SUMMARY, ETC.
Summary, etc. Considers the powers of the Valuation Tribunal for England including deletion from the rating list, the ability to review its own decisions, whether invalidity can be challenged on appeal against the notice, discusses the valuation of power stations, compensation for shooting rights with no ransom value and electricity wayleaves.
590 ## - LOCAL NOTE (RLIN)
Local note KA
650 24 - SUBJECT ADDED ENTRY--TOPICAL TERM
Topical term or geographic name entry element REEVES (VO) V VTE AND TULL PROPERTIES AND SOUTH GLOUCESTERSHIRE COUNCIL
650 24 - SUBJECT ADDED ENTRY--TOPICAL TERM
Topical term or geographic name entry element HARDMAN (V0) V BRITISH GAS TRADING LTD
650 24 - SUBJECT ADDED ENTRY--TOPICAL TERM
Topical term or geographic name entry element HANBURY-TENISON V MONMOUTHSHIRE COUNTY COUNCIL
650 24 - SUBJECT ADDED ENTRY--TOPICAL TERM
Topical term or geographic name entry element BRICKKILN WASTE LTD V NORTHERN IRELAND ELECTRICITY
651 #4 - SUBJECT ADDED ENTRY--GEOGRAPHIC NAME
Geographic name England
690 ## - LOCAL SUBJECT ADDED ENTRY--TOPICAL TERM (OCLC, RLIN)
Topical term or geographic name as entry element Finance and taxation
942 ## - ADDED ENTRY ELEMENTS (KOHA)
Suppress in OPAC 0
Holdings
Withdrawn status Lost status Source of classification or shelving scheme Damaged status Not for loan Home library Current library Shelving location Date acquired Total Checkouts Full call number Barcode Date last seen Copy number Price effective from Koha item type
    Dewey Decimal Classification     London London Journals 19/06/2015   L158693 158693-1001 06/08/2019 1 06/08/2019 Journal article